XX wiek – nagła śmierć - Statystyki

Ogólne statystyki
  • Ten quiz został rozwiązany 2 127 razy
  • Średni wynik to 4 z 19
Answers on the Grid
Answers color-coded by a green-red scale on the quiz's grid according to % correct below.
Wiosna ludów
Powstanie warszawskie
Wojna polsko-bolszewicka
Zamach na WTC i Pentagon
Zatonięcie Titanica
Rewolucja przemysłowa
Zjednoczenie Włoch
Odzyskanie niepodległości przez Polskę
Wybuch pandemii COVID-19
Powstanie styczniowe
Bitwa pod Grunwaldem
Anschluss
Wynalezienie telefonu
Wynalezienie druku 3D
Inwazja ZSRR na Afganistan
Śmierć Michaiła Gorbaczowa
Powstanie Austro-Węgier
Rozwiązanie zespołu The Beatles
Wydanie pierwszego numeru Time
Nakręcenie pierwszego filmu
1. Konferencja berlińska
Rewolucja francuska
Premiera The Sims
Pierwsze wybranie Władimira Putina na prezydenta Rosji
Premiera Shreka
Pierwsza pielgrzymka Jana Pawła II
Wojna rosyjsko-japońska
Wręczenie pierwszej Nagrody Nobla
Pierwsze nowożytne Letnie Igrzyska Olimpijskie
Ostatnie widoczne z terytorium Polski całkowite zaćmienie Słońca
Premiera systemu Windows XP
Wybuch wojny w Czeczenii
Przejście języka koreańskiego ze znaków chińskich na hangeul
Zakup Alaski od Rosji przez Amerykanów
Wojna secesyjna
Insurekcja kościuszkowska
Powódź tysiąclecia
Powstanie Mahdiego
Opracowanie układu okresowego pierwiastków
Wynalezienie samolotu
Wydanie manifestu komunistycznego
Pierwsze zdobycie Mount Everest
Wydanie Dwudziestu tysięcy mil podmorskiej żeglugi Verne'a
Upadek Bizancjum
Napisanie tekstu do Mazurka Dąbrowskiego
Odkrycie księżyców galileuszowych
Wydanie O obrotach sfer niebieskich
Narodziny Alberta Einsteina
 
Statystyki odpowiedzi
Odpowiedź % Poprawnych
25 stycznia 1979 Pierwsza pielgrzymka Jana Pawła II
42%
1 sierpnia 1944 Powstanie warszawskie
39%
15 kwietnia 1912 Zatonięcie Titanica
38%
25 grudnia 1979 Inwazja ZSRR na Afganistan
33%
11 listopada 1918 Odzyskanie niepodległości przez Polskę
32%
3 stycznia 1919 Wojna polsko-bolszewicka
32%
5 lipca 1997 Powódź tysiąclecia
30%
31 grudnia 1970 Rozwiązanie zespołu The Beatles
24%
8 lutego 1904 Wojna rosyjsko-japońska
24%
12 marca 1938 Anschluss
23%
26 marca 2000 Pierwsze wybranie Władimira Putina na prezydenta Rosji
21%
11 grudnia 1994 Wybuch wojny w Czeczenii
21%
29 maja 1953 Pierwsze zdobycie Mount Everest
20%
17 grudnia 1903 Wynalezienie samolotu
17%
31 stycznia 2000 Premiera The Sims
13%
1984 Wynalezienie druku 3D
12%
10 grudnia 1901 Wręczenie pierwszej Nagrody Nobla
10%
3 marca 1923 Wydanie pierwszego numeru Time
8%
30 czerwca 1954 Ostatnie widoczne z terytorium Polski całkowite zaćmienie Słońca
7%
Nie znaleziono quizów pasujących do podanych kryteriów
Rozkład punktacji
Procent ludzi z każdym wynikiem
Percentyl według liczby udzielonych odpowiedzi
Twoja historia wyników
Nie rozwiązałeś tego quizu